Základné sociálno-ekonomické charakteristiky a porovnania nových krajov a okresov Slovenska. 1
Porovnanie základných charakteristík okresov a krajov SR. Veková štruktúra obyvateľstva. Národnostná štruktúra obyvateľstva. Vzdelanostná štruktúra obyvateľstva. Ekonomická aktivita obyvateľstva. Nezamestnanosť.
Gespeichert in:
| 1. Verfasser: | |
|---|---|
| Format: | Buchkapitel |
| Sprache: | Slowakisch |
| Schlagworte: | |
| Tags: |
Keine Tags, Fügen Sie das erste Tag hinzu!
|
MARC
| LEADER | 00000naa a2200000 4500 | ||
|---|---|---|---|
| 001 | r025176 | ||
| 005 | 20230921080625.3 | ||
| 041 | 0 | |a slo | |
| 044 | |a SK | ||
| 245 | 1 | 0 | |a Základné sociálno-ekonomické charakteristiky a porovnania nových krajov a okresov Slovenska. 1 |c M. Rajčák |
| 520 | |a Porovnanie základných charakteristík okresov a krajov SR. Veková štruktúra obyvateľstva. Národnostná štruktúra obyvateľstva. Vzdelanostná štruktúra obyvateľstva. Ekonomická aktivita obyvateľstva. Nezamestnanosť. | ||
| 610 | 2 | 0 | |a členenie územné administratívne |
| 610 | 2 | 0 | |a kraje |
| 610 | 2 | 0 | |a okresy |
| 610 | 2 | 0 | |a zákony |
| 610 | 2 | 0 | |a Slovensko |
| 610 | 2 | 0 | |a vek |
| 610 | 2 | 0 | |a národnosti |
| 610 | 2 | 0 | |a vzdelanie |
| 610 | 2 | 0 | |a nezamestnanosť |
| 100 | 1 | |a Rajčák, Milan | |